000 00411nam a22001217a 4500
082 _a340.6 SUB
100 _aSubrahmanyam B V
245 _aParikh's Textbook of Medical Jurisprudence, Forensic Medicine and Toxicology for classrooms and courtrooms
_cB V Subrahmanyam
260 _aNew Delhi
_bCBS Publishers
_c2016
300 _a722p
942 _2ddc
_cBK
999 _c540952
_d540952